[Event "RSA-chT U12"]
[Site "Cape Town"]
[Date "2016.01.07"]
[Round "7.8"]
[White "Pretorius, Henri"]
[Black "Datharam, Diya"]
[Result "0-1"]
[WhiteElo "908"]
[BlackElo "1016"]
[PlyCount "128"]
[EventDate "2016.01.04"]
[EventType "team-tourn"]
[EventRounds "7"]
[EventCountry "RSA"]
[SourceTitle "CBM 170 Extra"]
[Source "ChessBase"]
[SourceDate "2016.02.25"]
[SourceVersion "1"]
[SourceVersionDate "2016.02.25"]
[SourceQuality "1"]
[WhiteTeam "Buffalo City"]
[BlackTeam "Ethekwini"]
[WhiteTeamCountry "RSA"]
[BlackTeamCountry "RSA"]

1. e4 e5 2. Nf3 Nc6 3. Bb5 a6 4. Bxc6 dxc6 5. 0-0 Nf6 6. Nc3 Bd6 7. d4 Be7 8. Nxe5 0-0 9. d5 cxd5 10. exd5 h6 11. Qf3 Bd6 12. Qg3 Bxe5 13. Qxe5 Re8 14. Qg3 Ne4 15. Nxe4 Rxe4 16. Bxh6 Rg4 17. Qe3 gxh6 18. Qxh6 Rg6 19. Qe3 Qg5 20. Qxg5 Rxg5 21. g3 Bd7 22. Rfe1 Re8 23. Rxe8+ Bxe8 24. Rd1 Bd7 25. d6 cxd6 26. Rxd6 Bh3 27. b4 Re5 28. Rd1 Re2 29. c4 Rxa2 30. c5 Rb2 31. Rd8+ Kg7 32. Rd1 Rxb4 33. Re1 a5 34. Ra1 a4 35. Rc1 a3 36. f4 Rb2 37. c6 bxc6 38. Rxc6 a2 39. Ra6 Rb1+ 40. Kf2 a1Q 41. Rxa1 Rxa1 42. Kf3 Ra2 43. g4 Rxh2 44. Kg3 Rh1 45. g5 Bf5 46. Kf3 Rh3+ 47. Kg2 Ra3 48. Kf2 Be4 49. Ke2 Rf3 50. Kd2 Rxf4 51. Ke3 Rg4 52. Kd4 Ba8+ 53. Ke5 Rxg5+ 54. Kf4 Rg1 55. Ke5 Kg6 56. Kf4 f5 57. Ke3 Kg5 58. Kf2 Rg2+ 59. Kf1 Kg4 60. Ke1 Kg3 61. Kd1 f4 62. Ke1 f3 63. Kf1 f2 64. Ke2 f1Q+ 0-1

[Event "RSA-chT U12"]
[Site "Cape Town"]
[Date "2016.01.04"]
[Round "1.8"]
[White "Datharam, Diya"]
[Black "Nathan, Samuel Alex"]
[Result "0-1"]
[WhiteElo "1016"]
[BlackElo "1228"]
[PlyCount "51"]
[EventDate "2016.01.04"]
[EventType "team-tourn"]
[EventRounds "7"]
[EventCountry "RSA"]
[SourceTitle "CBM 170 Extra"]
[Source "ChessBase"]
[SourceDate "2016.02.25"]
[SourceVersion "1"]
[SourceVersionDate "2016.02.25"]
[SourceQuality "1"]
[WhiteTeam "Ethekwini"]
[BlackTeam "Western Province"]
[WhiteTeamCountry "RSA"]
[BlackTeamCountry "RSA"]

1. e4 e5 2. Nf3 Nc6 3. Bb5 Bc5 4. c3 d6 5. h3 Nf6 6. 0-0 0-0 7. d4 exd4 8. cxd4 Bb6 9. Bg5 h6 10. Bh4 Ne7 11. Nc3 Ng6 12. Bxf6 Qxf6 13. Nd5 Qe6 14. Nxb6 axb6 15. Re1 Nf4 16. Bf1 Qg6 17. Kh2 Ra5 18. e5 Re8 19. g3 Nh5 20. Nh4 Qg5 21. Nf3 Qg6 22. Nh4 Qh7 23. Qd2 dxe5 24. dxe5 g5 25. Nf3 Rc5 26. Qe3 0-1

[Event "RSA-ch U10 Girls"]
[Site "Waterkloof"]
[Date "2015.04.07"]
[Round "6"]
[White "Van den Bergh, Marilene"]
[Black "Datharam, Diya"]
[Result "0-1"]
[WhiteElo "995"]
[BlackElo "922"]
[PlyCount "94"]
[EventDate "2015.04.04"]
[EventType "swiss"]
[EventRounds "9"]
[EventCountry "RSA"]
[SourceTitle "CBM 166 Extra"]
[Source "ChessBase"]
[SourceDate "2015.06.18"]
[SourceVersion "1"]
[SourceVersionDate "2015.06.18"]
[SourceQuality "1"]

1. e4 e5 2. Nf3 Nc6 3. Bc4 Nf6 4. d3 Be7 5. 0-0 0-0 6. Nc3 d6 7. h3 Na5 8. Ng5 h6 9. Nf3 Nxc4 10. dxc4 Be6 11. b3 Qd7 12. Re1 a6 13. Rb1 Rab8 14. Qd3 b5 15. Nd2 bxc4 16. Nxc4 Bxc4 17. Qxc4 Ra8 18. Nd5 Nxd5 19. exd5 Rfc8 20. Qg4 Qxg4 21. hxg4 c6 22. dxc6 Rxc6 23. c4 Kh7 24. Ba3 f6 25. f4 Rh8 26. fxe5 fxe5 27. c5 Re8 28. cxd6 Bxd6 29. b4 Rcc8 30. Bc1 Re6 31. Rd1 e4 32. Kf2 Rf6+ 33. Ke3 Re8 34. Ke2 Bg3 35. Rh1 Rf2+ 36. Ke3 Rxg2 37. a4 Bf2+ 38. Kf4 Rf8+ 39. Kxe4 Rxg4+ 40. Kd5 Rd4+ 41. Ke6 Re8+ 42. Kf7 Rde4 43. Bg5 Be3 44. Rbe1 Bxg5 45. Rxe4 Rxe4 46. b5 axb5 47. axb5 Rb4 0-1

[Event "RSA-ch U10 Girls"]
[Site "Waterkloof"]
[Date "2015.04.06"]
[Round "4"]
[White "Johannes, Gaby"]
[Black "Datharam, Diya"]
[Result "0-1"]
[WhiteElo "1012"]
[BlackElo "922"]
[PlyCount "80"]
[EventDate "2015.04.04"]
[EventType "swiss"]
[EventRounds "9"]
[EventCountry "RSA"]
[SourceTitle "CBM 166 Extra"]
[Source "ChessBase"]
[SourceDate "2015.06.18"]
[SourceVersion "1"]
[SourceVersionDate "2015.06.18"]
[SourceQuality "1"]

1. e4 e5 2. Nf3 Nc6 3. Bc4 Nf6 4. d3 Be7 5. c3 0-0 6. 0-0 d5 7. exd5 Nxd5 8. Bxd5 Qxd5 9. h3 Bf5 10. d4 Rad8 11. Be3 h6 12. Qd2 e4 13. Ne5 Nxe5 14. dxe5 Qxd2 15. Nxd2 Bg5 16. Bxg5 hxg5 17. Nc4 Be6 18. Na5 b6 19. Nc6 Rd2 20. b3 Bd7 21. Rae1 Bxc6 22. a4 Rc2 23. c4 Rb2 24. Re3 Rd8 25. Rg3 Rd3 26. Rxg5 Rdxb3 27. Rh5 Rb1 28. Rxb1 Rxb1+ 29. Kh2 a5 30. Rg5 Bxa4 31. Rg4 Bc6 32. Rg3 a4 33. f4 Rb3 34. Rxb3 axb3 35. Kg1 b2 36. Kf2 b1Q 37. Kg3 e3 38. Kg4 e2 39. Kg3 e1Q+ 40. Kg4 Qg6# 0-1